Statistics for vernon (seventeen) - black eye

Click here to take the quiz!

General Stats

  • This quiz has been taken 25 times
  • The average score is 234 of 343

Answer Stats

black eye% Correct
i
91%
no
91%
you
91%
a
82%
and
82%
black
82%
eyes
82%
go
82%
how
82%
chorus | pre-chorusI'm
82%
i'm
82%
in
82%
is
82%
like
82%
me
82%
mouth
82%
muzzle
82%
my
82%
now
82%
oh
82%
pre-chorusOh
82%
on
82%
out
82%
put
82%
'round
82%
so
82%
spit
82%
the
82%
there
82%
this
82%
world
82%
your
82%
be
73%
behavior
73%
bruised
73%
couple
73%
friends
73%
fucking
73%
got
73%
hate
73%
home
73%
if
73%
i'll
73%
myself
73%
radio
73%
1st verseRunning
73%
solitude
73%
stand
73%
to
73%
turn
73%
last verseTurn
73%
up
73%
way
73%
worst
73%
all
64%
can't
64%
'cause
64%
city
64%
didn't
64%
don't
64%
just
64%
knock
64%
night
64%
please
64%
real
64%
reality
64%
'til
64%
anybody
55%
anyone
55%
car
55%
dark
55%
eardrums
55%
explode
55%
for
55%
from
55%
it
55%
it's
55%
last
55%
lie
55%
look
55%
nightmare
55%
okay
55%
or
55%
right
55%
tell
55%
wake
55%
we
55%
about
45%
baby
45%
blurring
45%
but
45%
dance
45%
driving
45%
eyed
45%
face
45%
fast
45%
going
45%
highway
45%
innocent
45%
keep
45%
leave
45%
lies
45%
long
45%
nothing
45%
pretty
45%
quiet
45%
scarred
45%
show
45%
sight
45%
someone
45%
stop
45%
teardrops
45%
what
45%
whole
45%
why
45%
with
45%
verse 2Woke
45%
won't
45%
ain't
36%
around
36%
back
36%
bright
36%
burn
36%
close
36%
everything
36%
far
36%
know
36%
let
36%
sadness
36%
said
36%
save
36%
smile
36%
sunshine
36%
come
27%
coming
27%
fireworks
27%
might
27%
play
27%
too
27%
wasting
27%
door
18%
here
18%
shut
18%
let's
9%

Score Distribution

Percentile by Number Answered

Percent of People with Each Score

Your Score History

You have not taken this quiz